header

Control theoretic splines (Record no. 110541)

MARC details
000 -LEADER
fixed length control field 01469nam a2200373Ia 4500
100 1# - MAIN ENTRY--AUTHOR NAME
Personal name Egerstedt, Magnus.
245 10 - TITLE STATEMENT
Title Control theoretic splines
260 ## - PUBLICATION, DISTRIBUTION, ETC. (IMPRINT)
Place of publication Princeton :
Name of publisher Princeton University Press,
Year of publication c2010.
300 ## - PHYSICAL DESCRIPTION
Number of Pages x, 217 p. :
Other physical details ill.
490 1# - SERIES STATEMENT
Series statement Princeton series in applied mathematics
650 #0 - SUBJECT ADDED ENTRY--TOPICAL TERM
Topical Term Interpolation.
Topical Term Smoothing (Numerical analysis)
Topical Term Smoothing (Statistics)
Topical Term Curve fitting.
Topical Term Splines.
Topical Term Spline theory.
700 1# - ADDED ENTRY--PERSONAL NAME
Personal name Martin, Clyde.
856 40 - ELECTRONIC LOCATION AND ACCESS
Uniform Resource Identifier http://site.ebrary.com/lib/rucke/Doc?id=10364743

No items available.

© 2026 Rongo University
Contact us: librarian | system librarian | Rongo university